[Event "New Brunswick op"]
[Site "Fredericton CAN"]
[Date "2022.07.03"]
[Round "4.6"]
[White "Zhang, Michelle"]
[Black "Lambert, Pierre"]
[Result "1-0"]
[WhiteElo "1648"]
[BlackElo "1689"]
[PlyCount "93"]
[EventDate "2022.07.01"]
[EventType "swiss"]
[EventRounds "5"]
[EventCountry "CAN"]

1. e4 e6 2. d4 d5 3. exd5 exd5 4. Bd3 Bd6 5. Nf3 Nf6 6. h3 h6 7. O-O O-O 8. b3
Re8 9. Nbd2 c6 10. Bb2 Be6 11. c4 Nbd7 12. Re1 Bb4 13. Rc1 Nh5 14. Bb1 Nf4 15.
a3 Bxd2 16. Qxd2 Qf6 17. Re3 Nf8 18. Rce1 Nh7 19. Bc1 Ng5 20. Nxg5 hxg5 21. a4
Red8 22. c5 Rd7 23. Kh2 g4 24. hxg4 g5 25. g3 Qh6+ 26. Kg1 Nh3+ 27. Kg2 Bxg4
28. Re8+ Rxe8 29. Rxe8+ Kg7 30. Qe3 Qf6 31. Qe5 Qxe5 32. Rxe5 f6 33. Re1 Rd8
34. f3 Bc8 35. Re7+ Kf8 36. Rc7 Be6 37. Rxb7 Rd7 38. Rxd7 Bxd7 39. Bd3 g4 40.
f4 Kg7 41. b4 Kf7 42. b5 Ke7 43. b6 axb6 44. cxb6 Kd8 45. a5 Kc8 46. a6 Kb8 47.
Ba3 1-0

[Event "New Brunswick op"]
[Site "Fredericton CAN"]
[Date "2022.07.03"]
[Round "4.8"]
[White "Pryor, Walker"]
[Black "Livingstone, Jim"]
[Result "0-1"]
[WhiteElo "1176"]
[BlackElo "1648"]
[PlyCount "86"]
[EventDate "2022.07.01"]
[EventType "swiss"]
[EventRounds "5"]
[EventCountry "CAN"]

1. e4 d5 2. exd5 Qxd5 3. Nf3 Bg4 4. Be2 Nc6 5. O-O O-O-O 6. d4 Bxf3 7. Bxf3
Qxd4 8. Qxd4 Nxd4 9. Be3 Nxc2 10. Nc3 Nxa1 11. Rxa1 Nf6 12. Rc1 e6 13. Bxa7 Bd6
14. Be3 Rd7 15. a4 Rhd8 16. a5 Nd5 17. Nxd5 exd5 18. g3 Bb4 19. Bg4 Bxa5 20.
Bxd7+ Rxd7 21. Bd4 f6 22. Kf1 Kb8 23. Ke2 b6 24. Kd3 c5 25. Be3 Kb7 26. b3 Bb4
27. g4 d4 28. Bf4 g5 29. Bg3 Re7 30. f3 Re3+ 31. Kc2 Rxf3 32. Rd1 Re3 33. Rf1
Re6 34. Rf5 Kc6 35. Kd1 b5 36. Kc2 c4 37. bxc4 bxc4 38. Bf2 d3+ 39. Kd1 c3 40.
h4 h6 41. hxg5 hxg5 42. Bd4 c2+ 43. Kc1 Re1+ 0-1

[Event "New Brunswick op"]
[Site "Fredericton CAN"]
[Date "2022.07.03"]
[Round "4.14"]
[White "Mayo, Andrew"]
[Black "Estafanos, John"]
[Result "1-0"]
[WhiteElo "1474"]
[BlackElo "1176"]
[PlyCount "53"]
[EventDate "2022.07.01"]
[EventType "swiss"]
[EventRounds "5"]
[EventCountry "CAN"]

1. d4 d5 2. c4 Nf6 3. cxd5 Nxd5 4. e4 Nf6 5. Nc3 e5 6. Nf3 Bg4 7. d5 Bb4 8.
Qa4+ c6 9. Qxb4 b6 10. Nxe5 c5 11. Bb5+ Nbd7 12. Qb3 O-O 13. Nxg4 Nxg4 14. h3
Nge5 15. Bf4 Qf6 16. Bxe5 Nxe5 17. Rd1 Rfd8 18. O-O a6 19. Be2 Rdc8 20. f4 Ng6
21. e5 Qe7 22. d6 Qh4 23. d7 Rd8 24. e6 fxe6 25. Qxe6+ Kf8 26. Bc4 Ne7 27. Qf7#
1-0

[Event "New Brunswick op"]
[Site "Fredericton CAN"]
[Date "2022.07.03"]
[Round "5.1"]
[White "Manley, Jason"]
[Black "Martinovsky, Ian"]
[Result "1-0"]
[WhiteElo "2208"]
[BlackElo "2201"]
[PlyCount "75"]
[EventDate "2022.07.01"]
[EventType "swiss"]
[EventRounds "5"]
[EventCountry "CAN"]

1. e4 g6 2. d4 Bg7 3. Nf3 d6 4. Bc4 a6 5. O-O b5 6. Bb3 e6 7. Re1 Ne7 8. c3 O-O
9. Bf4 h6 10. h4 Nd7 11. Nbd2 Bb7 12. a4 e5 13. dxe5 dxe5 14. Be3 c5 15. axb5
axb5 16. c4 b4 17. Ba4 Bc6 18. Bc2 Qc7 19. Nb3 Rfd8 20. Qe2 Bb7 21. Red1 Rxa1
22. Rxa1 f5 23. Ra7 Qb6 24. Ra5 fxe4 25. Nfd2 Nf5 26. Rb5 Qc7 27. Bxe4 Bxe4 28.
Nxe4 Nxh4 29. Nbxc5 Nxc5 30. Bxc5 Nf5 31. Bb6 Nd4 32. Qd3 Nxb5 33. Bxc7 Rxd3
34. cxb5 Rd5 35. b6 Rb5 36. Nd6 Rxb6 37. Bxb6 e4 38. b3 1-0

[Event "New Brunswick op"]
[Site "Fredericton CAN"]
[Date "2022.07.03"]
[Round "5.2"]
[White "Desforges, Jean"]
[Black "Zhang, Brian"]
[Result "0-1"]
[WhiteElo "2111"]
[BlackElo "1761"]
[PlyCount "84"]
[EventDate "2022.07.01"]
[EventType "swiss"]
[EventRounds "5"]
[EventCountry "CAN"]

1. d4 Nf6 2. c4 g6 3. Nc3 Bg7 4. e4 d6 5. f3 O-O 6. Be3 c5 7. Nge2 Nc6 8. Qd2
Nd7 9. O-O-O e5 10. dxc5 dxc5 11. Nd5 Nd4 12. h4 Nf6 13. h5 Qd6 14. Bh6 Nxd5
15. cxd5 f5 16. hxg6 Qxg6 17. Bxg7 Kxg7 18. Nxd4 cxd4 19. Bd3 f4 20. Qb4 Rf7
21. Bb5 Bd7 22. Rh4 Rc8+ 23. Kb1 Qxg2 24. Qb3 Kh8 25. Bxd7 Rxd7 26. Rh5 Re8 27.
a4 Qe2 28. Rdh1 d3 29. Qc3 Qxf3 30. d6 Qxe4 31. Re1 Qg6 32. Rhxe5 d2+ 33. Ka1
dxe1=Q+ 34. Rxe1+ Kg8 35. Qc4+ Kf8 36. Qxf4+ Rf7 37. Rxe8+ Kxe8 38. Qe5+ Kd7
39. Qb5+ Kxd6 40. Qb4+ Kc7 41. Qc5+ Qc6 42. Qe5+ Qd6 0-1

[Event "New Brunswick op"]
[Site "Fredericton CAN"]
[Date "2022.07.03"]
[Round "5.4"]
[White "Livingstone, Jim"]
[Black "Zhang, Michelle"]
[Result "0-1"]
[WhiteElo "1648"]
[BlackElo "1638"]
[PlyCount "96"]
[EventDate "2022.07.01"]
[EventType "swiss"]
[EventRounds "5"]
[EventCountry "CAN"]

1. d4 Nf6 2. Nf3 d5 3. c3 c6 4. Bf4 Bf5 5. e3 Nbd7 6. Be2 e6 7. h3 Be7 8. Nbd2
h6 9. O-O O-O 10. Ne5 Nxe5 11. dxe5 Nd7 12. Qb3 Qb6 13. Rfd1 Nc5 14. Qxb6 axb6
15. Nf3 Ra7 16. Nd4 Bg6 17. c4 Rfa8 18. cxd5 exd5 19. a3 b5 20. Rac1 Na4 21.
Rd2 Nb6 22. e6 Nc4 23. exf7+ Kxf7 24. Bxc4 bxc4 25. Nf3 Bf5 26. g4 Be4 27. Ne5+
Ke6 28. f3 Bh7 29. Bg3 Bd6 30. f4 g5 31. Kh2 Bxe5 32. fxe5 Rf8 33. Rf2 Rxf2+
34. Bxf2 Kxe5 35. Kg3 Ra8 36. Rc3 Bd3 37. Rc1 Rf8 38. Rd1 Be4 39. Rd2 Bd3 40.
Kg2 Ke4 41. Kg3 Rf3+ 42. Kh2 Rxe3 43. Bxe3 Kxe3 44. Rg2 Be2 45. Rg3+ Bf3 46.
Rg1 d4 47. Re1+ Kf2 48. Rc1 d3 0-1

[Event "New Brunswick op"]
[Site "Fredericton CAN"]
[Date "2022.07.03"]
[Round "5.5"]
[White "Carter, Chase"]
[Black "Hunter, Terry"]
[Result "0-1"]
[WhiteElo "1488"]
[BlackElo "1709"]
[PlyCount "40"]
[EventDate "2022.07.01"]
[EventType "swiss"]
[EventRounds "5"]
[EventCountry "CAN"]

1. b3 e5 2. Bb2 Nc6 3. e3 d5 4. Bb5 Bd6 5. d3 a6 6. Bxc6+ bxc6 7. Nd2 Nf6 8.
Ne2 Qe7 9. O-O Bg4 10. h3 Bh5 11. g4 Bg6 12. Ng3 O-O 13. Re1 e4 14. dxe4 Nxe4
15. Ndxe4 Bxe4 16. Nxe4 Qxe4 17. f3 Qe6 18. Qd4 Qg6 19. e4 f6 20. Rac1 Be5 0-1

[Event "New Brunswick op"]
[Site "Fredericton CAN"]
[Date "2022.07.03"]
[Round "5.7"]
[White "Whitney, Ryan"]
[Black "Belczewski, Ron"]
[Result "1-0"]
[WhiteElo "1560"]
[BlackElo "1692"]
[PlyCount "67"]
[EventDate "2022.07.01"]
[EventType "swiss"]
[EventRounds "5"]
[EventCountry "CAN"]

1. e4 c5 2. Nf3 d6 3. d4 Bg4 4. dxc5 Bxf3 5. Bb5+ Nc6 6. Qxf3 dxc5 7. Bxc6+
bxc6 8. e5 Qc7 9. Bf4 e6 10. O-O Ne7 11. Na3 Rb8 12. Nc4 Nd5 13. Nd6+ Bxd6 14.
exd6 Qd7 15. c4 Nxf4 16. Qxf4 a5 17. b3 O-O 18. Qe5 Rfd8 19. Rfd1 Qa7 20. Rd3
Rd7 21. Rg3 g6 22. h4 Rbd8 23. Rd3 h5 24. Rad1 Kh7 25. Kh2 Re8 26. g4 f6 27.
Qg3 Rg8 28. Rg1 hxg4 29. Qxg4 f5 30. Qg5 Rgg7 31. h5 gxh5 32. Qxh5+ Kg8 33.
Qe8+ Kh7 34. Rh3# 1-0

[Event "New Brunswick op"]
[Site "Fredericton CAN"]
[Date "2022.07.03"]
[Round "5.11"]
[White "Cross, Skye"]
[Black "Pryor, Walker"]
[Result "0-1"]
[WhiteElo "1198"]
[BlackElo "1173"]
[PlyCount "69"]
[EventDate "2022.07.01"]
[EventType "swiss"]
[EventRounds "5"]
[EventCountry "CAN"]

1. e4 c6 2. d4 d5 3. Nc3 dxe4 4. Nxe4 Nf6 5. Ng3 e6 6. Nf3 Bd6 7. Bc4 O-O 8.
O-O Nbd7 9. Ne2 b5 10. Bb3 Nb6 11. c3 Bb7 12. Be3 Nbd5 13. Qd3 Nxe3 14. fxe3 a6
15. Bc2 g6 16. e4 Nd7 17. e5 Be7 18. a3 c5 19. Qe3 cxd4 20. cxd4 Rc8 21. Be4
Qb6 22. Bxb7 Qxb7 23. Rac1 Rxc1 24. Rxc1 Rc8 25. Rxc8+ Qxc8 26. Nc3 Nb6 27. Ne4
Qc2 28. Nf6+ Bxf6 29. exf6 Qf5 30. Qe5 Qb1+ 31. Kf2 Qxb2+ 32. Kg3 Nd7 33. Qf4
Qxa3 34. Qc7 Nxf6 35. Kf4 0-1

[Event "Nova Scotia Closed"]
[Site "Halifax CAN"]
[Date "2022.09.30"]
[Round "1"]
[White "Dorrance, Adam"]
[Black "Gonzalez-Cueto, Jose"]
[Result "1-0"]
[WhiteElo "2389"]
[BlackElo "2057"]
[PlyCount "51"]
[EventDate "2022.09.30"]
[EventType "tourn"]
[EventRounds "5"]
[EventCountry "CAN"]

1. d4 Nf6 2. c4 g6 3. Nc3 Bg7 4. e4 d6 5. Be2 Nbd7 6. Be3 O-O 7. g4 c5 8. g5
Nh5 9. Bxh5 gxh5 10. Nf3 Qa5 11. Qd2 a6 12. Nd5 Qxd2+ 13. Bxd2 e6 14. Nf6+ Nxf6
15. gxf6 Bxf6 16. Bh6 Re8 17. e5 dxe5 18. dxe5 Be7 19. Rg1+ Kh8 20. Bg7+ Kg8
21. Bf6+ Kf8 22. Rg7 Bxf6 23. exf6 Rd8 24. Ng5 e5 25. Nxh7+ Ke8 26. Rg8+ 1-0

[Event "Nova Scotia Closed"]
[Site "Halifax CAN"]
[Date "2022.09.30"]
[Round "1"]
[White "Kapra, Jerjis"]
[Black "Langen, Roger"]
[Result "1/2-1/2"]
[WhiteElo "2089"]
[BlackElo "2064"]
[PlyCount "57"]
[EventDate "2022.09.30"]
[EventType "tourn"]
[EventRounds "5"]
[EventCountry "CAN"]

1. e4 Nf6 2. e5 Nd5 3. d4 d6 4. c4 Nb6 5. f4 dxe5 6. fxe5 c5 7. d5 e6 8. Nc3
exd5 9. cxd5 c4 10. Nf3 Bb4 11. Bxc4 Bxc3+ 12. bxc3 Nxc4 13. Qa4+ Nd7 14. Qxc4
Nb6 15. Qb5+ Qd7 16. Qxd7+ Bxd7 17. c4 Nxc4 18. O-O O-O 19. Bf4 h6 20. Rfe1
Rfe8 21. Rab1 Nb6 22. Red1 Rad8 23. Be3 Ba4 24. Bxb6 Bxd1 25. Bxd8 Bxf3 26.
gxf3 Rxd8 27. Rxb7 Rxd5 28. Rxa7 Rxe5 29. a4 1/2-1/2

[Event "Nova Scotia Closed"]
[Site "Halifax CAN"]
[Date "2022.09.30"]
[Round "1"]
[White "Mayo, Alvah"]
[Black "Dec, Paul"]
[Result "1-0"]
[WhiteElo "2192"]
[BlackElo "2090"]
[PlyCount "59"]
[EventDate "2022.09.30"]
[EventType "tourn"]
[EventRounds "5"]
[EventCountry "CAN"]

1. Nf3 g6 2. c4 Bg7 3. Nc3 Nf6 4. g3 d6 5. Bg2 O-O 6. O-O c6 7. d4 Nbd7 8. b3
e5 9. Bb2 e4 10. Ne1 d5 11. Nc2 Nb6 12. Ne3 Be6 13. cxd5 cxd5 14. a4 Qd7 15. a5
Nc8 16. Na4 Ng4 17. Nc5 Nxe3 18. Nxd7 Nxd1 19. Nxf8 Nxb2 20. Nxe6 fxe6 21. Bh3
Kf7 22. Rac1 Ne7 23. Rc7 b6 24. a6 Bxd4 25. Rfc1 Be5 26. Rd7 g5 27. Rc6 Bf6 28.
Bxe6+ Kg6 29. Rcc7 Nc8 30. Bxd5 1-0

[Event "Nova Scotia Closed"]
[Site "Halifax CAN"]
[Date "2022.10.01"]
[Round "2"]
[White "Dorrance, Adam"]
[Black "Kapra, Jerjis"]
[Result "1-0"]
[WhiteElo "2389"]
[BlackElo "2089"]
[PlyCount "95"]
[EventDate "2022.09.30"]
[EventType "tourn"]
[EventRounds "5"]
[EventCountry "CAN"]

1. d4 Nf6 2. c4 e6 3. g3 d5 4. Bg2 Bb4+ 5. Bd2 Bd6 6. Nc3 O-O 7. Bg5 dxc4 8.
Nf3 h6 9. Bxf6 Qxf6 10. O-O Nc6 11. Rc1 e5 12. Ne4 Qe7 13. Rxc4 exd4 14. Nxd6
Qxd6 15. Nxd4 Nxd4 16. Rxd4 Qb6 17. Qd2 c6 18. Rd1 Be6 19. b3 Rfe8 20. h3 a5
21. Kh2 c5 22. Rd6 Qb4 23. e3 Reb8 24. Bd5 Qxd2 25. Rxd2 Bxd5 26. R2xd5 Rc8 27.
Rb6 c4 28. bxc4 Rxc4 29. Rxb7 Rc2 30. Rf5 f6 31. a4 Ra2 32. Rf4 Re8 33. Kg1 Re5
34. Ra7 h5 35. g4 Rb2 36. gxh5 Rb4 37. Rg4 Rxg4+ 38. hxg4 Kh7 39. Kg2 Kh6 40.
Kf3 Rc5 41. e4 g6 42. hxg6 Kxg6 43. Kf4 Rc2 44. f3 Rc5 45. Ra6 Kf7 46. Rd6 Rc4
47. Kf5 Rxa4 48. Rxf6+ 1-0

[Event "Nova Scotia Closed"]
[Site "Halifax CAN"]
[Date "2022.10.01"]
[Round "2"]
[White "Gonzalez-Cueto, Jose"]
[Black "Dec, Paul"]
[Result "0-1"]
[WhiteElo "2057"]
[BlackElo "2090"]
[PlyCount "152"]
[EventDate "2022.09.30"]
[EventType "tourn"]
[EventRounds "5"]
[EventCountry "CAN"]

1. d4 g6 2. Nf3 Bg7 3. g3 d6 4. Bg2 f5 5. O-O Nf6 6. Nc3 O-O 7. Bf4 c6 8. Qc1
Qe8 9. Re1 Nh5 10. Bh6 e5 11. e4 f4 12. Bxg7 Kxg7 13. dxe5 dxe5 14. Qd2 Bg4 15.
Nh4 Qe6 16. f3 Bh3 17. g4 Bxg2 18. Kxg2 Nf6 19. h3 Qe7 20. Qf2 Nbd7 21. Rad1
Nb6 22. b3 Rfd8 23. Kh1 Ne8 24. Ng2 Nc7 25. a4 Ne6 26. Ne2 Qb4 27. h4 c5 28.
Nc1 c4 29. Qf1 Nd4 30. Qf2 Qc3 31. Rf1 cxb3 32. cxb3 Nxb3 33. Nxb3 Qxb3 34. Rc1
Qxa4 35. Rc7+ Rd7 36. Qc5 Qd4 37. Rxd7+ Nxd7 38. Qc7 b5 39. Qb7 Rb8 40. Qa6 Qb6
41. Qa1 a5 42. Nxf4 Qf6 43. Ng2 a4 44. g5 Qe6 45. Nf4 Qb3 46. h5 Rf8 47. h6+
Kg8 48. Qd1 Rxf4 49. Qxd7 Rh4+ 50. Kg2 Qc2+ 51. Rf2 Rh2+ 52. Kxh2 Qxf2+ 53. Kh1
Qxf3+ 54. Kg1 Qg3+ 55. Kf1 Qf4+ 56. Kg1 Qxg5+ 57. Kf1 Qf4+ 58. Kg1 Qg3+ 59. Kf1
Qf4+ 60. Kg1 Qe3+ 61. Kf1 Qc1+ 62. Kg2 Qg5+ 63. Kf1 Qf6+ 64. Ke2 Kf8 65. Qxb5
g5 66. Qb8+ Kf7 67. Qa7+ Kg6 68. Qxa4 Kxh6 69. Qa3 g4 70. Qc1+ Kg6 71. Qc4 h6
72. Qg8+ Kh5 73. Qh7 Kh4 74. Kd3 g3 75. Kc4 g2 76. Qg8 Qg5 0-1

[Event "Nova Scotia Closed"]
[Site "Halifax CAN"]
[Date "2022.10.01"]
[Round "2"]
[White "Langen, Roger"]
[Black "Mayo, Alvah"]
[Result "0-1"]
[WhiteElo "2064"]
[BlackElo "2192"]
[PlyCount "120"]
[EventDate "2022.09.30"]
[EventType "tourn"]
[EventRounds "5"]
[EventCountry "CAN"]

1. e4 g6 2. Bc4 Bg7 3. h4 h5 4. Nc3 c5 5. Qf3 e6 6. Nb5 d6 7. Qg3 Ke7 8. d3 a6
9. Nc3 Nc6 10. Bg5+ Bf6 11. Qf4 b5 12. Bb3 Bd7 13. Nf3 b4 14. Ne2 e5 15. Qd2
Bxg5 16. Qxg5+ Kf8 17. O-O Bg4 18. Qxd8+ Rxd8 19. c3 f5 20. Rfe1 Bxf3 21. gxf3
f4 22. Rad1 Nge7 23. d4 Kg7 24. dxc5 dxc5 25. Rxd8 Rxd8 26. Rd1 Rxd1+ 27. Bxd1
Kf6 28. Kg2 Nc8 29. Ba4 Na5 30. Bd7 Nd6 31. Nc1 Ke7 32. Bh3 bxc3 33. bxc3 c4
34. Kf1 Nab7 35. Ke1 Nc5 36. Kd2 a5 37. Kc2 Kf6 38. Bf1 g5 39. hxg5+ Kxg5 40.
Kd2 Kf6 41. Kc2 Ne6 42. Ne2 Ke7 43. Kb2 Nc5 44. Nc1 Kd7 45. Kc2 Kc6 46. Kb2 Kb5
47. Kc2 Nf7 48. Nb3 Ng5 49. Nd2 Nd3 50. Bxd3 cxd3+ 51. Kxd3 h4 52. Ke2 Ne6 53.
Kf1 Nc5 54. Nb3 Na4 55. c4+ Kb4 56. Kg2 Nc3 57. Nxa5 Kxa5 58. Kh3 Nxa2 59. Kxh4
Nb4 60. Kg5 Nd3 0-1

[Event "Nova Scotia Closed"]
[Site "Halifax CAN"]
[Date "2022.10.01"]
[Round "3"]
[White "Dec, Paul"]
[Black "Langen, Roger"]
[Result "0-1"]
[WhiteElo "2090"]
[BlackElo "2064"]
[PlyCount "41"]
[EventDate "2022.09.30"]
[EventType "tourn"]
[EventRounds "5"]
[EventCountry "CAN"]

1. e4 e5 2. Nf3 d6 3. d4 Nf6 4. dxe5 Nxe4 5. Bc4 c6 6. exd6 Bxd6 7. O-O O-O 8.
Nbd2 Nf6 9. b3 b5 10. Bd3 Bg4 11. Bb2 Nbd7 12. Ne4 Be5 13. Nxf6+ Qxf6 14. Bxe5
Nxe5 15. Be4 Rfe8 16. Re1 Rad8 17. Qe2 Re6 18. Rad1 Rde8 19. Kh1 Nxf3 20. gxf3
Rxe4 21. Ra1 0-1

[Event "Nova Scotia Closed"]
[Site "Halifax CAN"]
[Date "2022.10.01"]
[Round "3"]
[White "Kapra, Jerjis"]
[Black "Gonzalez-Cueto, Jose"]
[Result "1-0"]
[WhiteElo "2089"]
[BlackElo "2057"]
[PlyCount "47"]
[EventDate "2022.09.30"]
[EventType "tourn"]
[EventRounds "5"]
[EventCountry "CAN"]

1. d4 Nf6 2. Nc3 d5 3. Bf4 c6 4. Qd3 e6 5. e4 dxe4 6. Nxe4 Nxe4 7. Qxe4 Nd7 8.
c3 Nf6 9. Qc2 Bd6 10. Bxd6 Qxd6 11. Nf3 a5 12. g3 O-O 13. Bg2 b5 14. O-O Rb8
15. a4 b4 16. Ne5 Ba6 17. Rfc1 c5 18. Nc6 Rbc8 19. dxc5 Qxc5 20. cxb4 Qxc2 21.
Rxc2 Rc7 22. b5 Bb7 23. b6 Rd7 24. Nxa5 1-0

[Event "Nova Scotia Closed"]
[Site "Halifax CAN"]
[Date "2022.10.01"]
[Round "3"]
[White "Mayo, Alvah"]
[Black "Dorrance, Adam"]
[Result "1/2-1/2"]
[WhiteElo "2192"]
[BlackElo "2389"]
[PlyCount "53"]
[EventDate "2022.09.30"]
[EventType "tourn"]
[EventRounds "5"]
[EventCountry "CAN"]

1. d4 d5 2. Nf3 Nf6 3. g3 e6 4. Bg2 b5 5. O-O Be7 6. b3 Bb7 7. Bb2 b4 8. c4
bxc3 9. Nxc3 Nbd7 10. Rc1 c5 11. Na4 cxd4 12. Bxd4 O-O 13. Rc2 Qa5 14. Qa1 Rfc8
15. Rfc1 Ba3 16. Rxc8+ Rxc8 17. Rxc8+ Bxc8 18. Qc3 Qxc3 19. Nxc3 Bb4 20. Na4 a5
21. e3 Ba6 22. Bf1 Bxf1 23. Kxf1 Ne4 24. Ne1 Kf8 25. f3 Nec5 26. Nxc5 Bxc5 27.
Bxc5+ 1/2-1/2

[Event "Nova Scotia Closed"]
[Site "Halifax CAN"]
[Date "2022.10.02"]
[Round "4"]
[White "Dec, Paul"]
[Black "Kapra, Jerjis"]
[Result "1/2-1/2"]
[WhiteElo "2090"]
[BlackElo "2089"]
[PlyCount "44"]
[EventDate "2022.09.30"]
[EventType "tourn"]
[EventRounds "5"]
[EventCountry "CAN"]

1. e4 e5 2. Nf3 Nc6 3. d4 exd4 4. Nxd4 Nf6 5. Nxc6 bxc6 6. e5 Qe7 7. Qe2 Nd5 8.
c4 Nb6 9. b3 a5 10. Ba3 d6 11. f4 Qe6 12. g3 dxe5 13. Bxf8 Kxf8 14. fxe5 Nd7
15. Bg2 Qxe5 16. Qxe5 Nxe5 17. O-O f6 18. Nd2 Kf7 19. Nf3 Nxf3+ 20. Rxf3 Rd8
21. Re3 Bb7 22. Rae1 Re8 1/2-1/2

[Event "Nova Scotia Closed"]
[Site "Halifax CAN"]
[Date "2022.10.02"]
[Round "4"]
[White "Dorrance, Adam"]
[Black "Langen, Roger"]
[Result "1-0"]
[WhiteElo "2389"]
[BlackElo "2064"]
[PlyCount "41"]
[EventDate "2022.09.30"]
[EventType "tourn"]
[EventRounds "5"]
[EventCountry "CAN"]

1. d4 Nf6 2. Nc3 d5 3. Bf4 e6 4. Nb5 Na6 5. e3 c6 6. Nc3 Nb8 7. g4 Be7 8. g5
Ne4 9. Nxe4 dxe4 10. h4 Nd7 11. Ne2 Qa5+ 12. c3 e5 13. Bg3 h6 14. b4 Qd5 15.
Bg2 hxg5 16. hxg5 Rxh1+ 17. Bxh1 Bxg5 18. dxe5 Nxe5 19. Qxd5 Nd3+ 20. Qxd3 exd3
21. Nd4 1-0

[Event "Nova Scotia Closed"]
[Site "Halifax CAN"]
[Date "2022.10.02"]
[Round "4"]
[White "Gonzalez-Cueto, Jose"]
[Black "Mayo, Alvah"]
[Result "1/2-1/2"]
[WhiteElo "2057"]
[BlackElo "2192"]
[PlyCount "155"]
[EventDate "2022.09.30"]
[EventType "tourn"]
[EventRounds "5"]
[EventCountry "CAN"]

1. d4 g6 2. Nf3 Bg7 3. g3 c5 4. Bg2 cxd4 5. Nxd4 Nf6 6. Nc3 O-O 7. O-O Nc6 8.
Nb3 d6 9. Bf4 Bd7 10. Qd2 Re8 11. Bh6 Bh8 12. Rab1 Rc8 13. Ne4 Ng4 14. Bg5 Be6
15. Be3 b6 16. c3 Bf5 17. Rbd1 Nce5 18. Bg5 Nc4 19. Qc1 f6 20. h3 Nge5 21. Bf4
Nf7 22. Ned2 e5 23. Nxc4 exf4 24. Qxf4 Be6 25. Ne3 f5 26. Rd2 g5 27. Qa4 Bd7
28. Qa6 f4 29. Nd5 Be5 30. Qd3 Nh6 31. Be4 Bxh3 32. Bxh7+ Kh8 33. Qg6 Re6 34.
Qh5 Bg4 35. Qh1 Kxh7 36. Nd4 Rg6 37. Nf3 Kg7 38. Nb4 Qe7 39. Rfd1 Nf5 40. Nxe5
Qxe5 41. Qb7+ Ne7 42. Nd5 Re8 43. f3 Bc8 44. Qxa7 fxg3 45. e4 g4 46. f4 Qxe4
47. Qxb6 Nxd5 48. Rxd5 Rh6 49. Qd4+ Qxd4+ 50. cxd4 Re2 51. Rc1 Be6 52. Rc7+ Kf6
53. Rxd6 Kf5 54. Rf7+ Ke4 55. f5 Kd3 56. Rxe6 Rhxe6 57. fxe6 Rxe6 58. d5 Re2
59. Rb7 Kc4 60. d6 Rd2 61. d7 Kc5 62. a4 Kc6 63. Rb5 Kxd7 64. a5 Kc6 65. Rb6+
Kc7 66. b4 Rb2 67. b5 g2 68. Rc6+ Kb7 69. Rc5 Ka7 70. Rc7+ Kb8 71. b6 Ra2 72.
Ra7 Rb2 73. Rg7 Rb5 74. Ra7 Rb2 75. Rh7 Rb5 76. Rh8+ Kb7 77. Rh7+ Kb8 78. Kxg2
1/2-1/2

[Event "Nova Scotia Closed"]
[Site "Halifax CAN"]
[Date "2022.10.02"]
[Round "5"]
[White "Dec, Paul"]
[Black "Dorrance, Adam"]
[Result "0-1"]
[WhiteElo "2090"]
[BlackElo "2389"]
[PlyCount "62"]
[EventDate "2022.09.30"]
[EventType "tourn"]
[EventRounds "5"]
[EventCountry "CAN"]

1. e4 c6 2. d4 d5 3. e5 Bf5 4. Nc3 e6 5. g4 Bg6 6. Nge2 c5 7. h4 h5 8. Nf4 Nc6
9. Nxg6 fxg6 10. Bd3 cxd4 11. Bxg6+ Kd7 12. Ne2 Bc5 13. gxh5 Nxe5 14. Nf4 Ne7
15. Qe2 N7xg6 16. hxg6 Qf6 17. Bd2 d3 18. cxd3 Bd4 19. h5 Rac8 20. Qd1 Nxg6 21.
Qa4+ Rc6 22. Be3 Nxf4 23. Qxd4 Qxd4 24. Bxd4 e5 25. Bxa7 b6 26. Rg1 Ne6 27. Kd2
Ra8 28. Bxb6 Rxb6 29. b3 Rh8 30. Rh1 Nd4 31. Rh3 Rf6 0-1

[Event "Nova Scotia Closed"]
[Site "Halifax CAN"]
[Date "2022.10.02"]
[Round "5"]
[White "Kapra, Jerjis"]
[Black "Mayo, Alvah"]
[Result "0-1"]
[WhiteElo "2089"]
[BlackElo "2192"]
[PlyCount "60"]
[EventDate "2022.09.30"]
[EventType "tourn"]
[EventRounds "5"]
[EventCountry "CAN"]

1. e4 g6 2. d4 Bg7 3. Nc3 c5 4. Be3 Qa5 5. Nf3 Nf6 6. Qd2 cxd4 7. Bxd4 Nc6 8.
Bxf6 Bxf6 9. Nd5 Qxd2+ 10. Kxd2 Rb8 11. Nxf6+ exf6 12. Rd1 Ke7 13. Bc4 d6 14.
h3 Ne5 15. Nxe5 fxe5 16. Ke3 f5 17. f3 Bd7 18. Bd5 Rbc8 19. c3 b5 20. a3 a5 21.
Rc1 Rc7 22. Rc2 Rhc8 23. Rhc1 b4 24. axb4 axb4 25. Kd2 f4 26. cxb4 Rxc2+ 27.
Rxc2 Rxc2+ 28. Kxc2 Bb5 29. h4 Bf1 30. Kd2 Kd8 0-1

[Event "Nova Scotia Closed"]
[Site "Halifax CAN"]
[Date "2022.10.02"]
[Round "5"]
[White "Langen, Roger"]
[Black "Gonzalez-Cueto, Jose"]
[Result "1/2-1/2"]
[WhiteElo "2064"]
[BlackElo "2057"]
[PlyCount "37"]
[EventDate "2022.09.30"]
[EventType "tourn"]
[EventRounds "5"]
[EventCountry "CAN"]

1. e4 e5 2. f4 d5 3. exd5 Qxd5 4. Nc3 Qe6 5. Qe2 exf4 6. d4 Nf6 7. Bxf4 Bb4 8.
Qxe6+ Bxe6 9. Bd3 Nd5 10. Bd2 O-O 11. Nf3 Nc6 12. O-O h6 13. a3 Be7 14. Ne2 Nb6
15. Rad1 Bf6 16. Bf4 Nd5 17. Bc1 Nb6 18. Bf4 Nd5 19. Bc1 1/2-1/2

[Event "Okanagan op"]
[Site "Salmon Arm"]
[Date "2022.05.06"]
[Round "1.1"]
[White "Aljo, Johan"]
[Black "Moore, David"]
[Result "1/2-1/2"]
[WhiteElo "1229"]
[BlackElo "2028"]
[PlyCount "81"]
[EventDate "2022.05.06"]
[EventType "swiss"]
[EventRounds "5"]
[EventCountry "CAN"]

1. e4 c5 2. Nf3 Nc6 3. c3 g6 4. d4 cxd4 5. cxd4 Bg7 6. Nc3 d6 7. h3 Nf6 8. Bd3
O-O 9. O-O Bd7 10. a3 a6 11. Re1 e5 12. Be3 Rc8 13. Rc1 Nh5 14. d5 Ne7 15. Nd2
f5 16. f3 f4 17. Bf2 g5 18. Ne2 Ng6 19. Kh2 Nf6 20. Rxc8 Qxc8 21. Qc2 Qxc2 22.
Bxc2 Rc8 23. Bd3 h5 24. Rc1 g4 25. Rxc8+ Bxc8 26. hxg4 hxg4 27. fxg4 Nxg4+ 28.
Kg1 Nxf2 29. Kxf2 Bf6 30. Nf3 Bd8 31. Nc3 Nh4 32. Nxh4 Bxh4+ 33. Kf3 Bd7 34.
Ne2 Kg7 35. g3 fxg3 36. Nxg3 Bxg3 37. Kxg3 Kg6 38. Kh4 Kh6 39. Be2 Kg6 40. Bg4
Bxg4 41. Kxg4 1/2-1/2

[Event "Okanagan op"]
[Site "Salmon Arm"]
[Date "2022.05.06"]
[Round "1.2"]
[White "Bacon, Craig"]
[Black "Catona, Stefan"]
[Result "1-0"]
[WhiteElo "1865"]
[BlackElo "1225"]
[PlyCount "27"]
[EventDate "2022.05.06"]
[EventType "swiss"]
[EventRounds "5"]
[EventCountry "CAN"]

1. e4 d6 2. d4 Nf6 3. Nc3 g6 4. Bg5 Bg7 5. Qd2 O-O 6. O-O-O b6 7. f3 Nbd7 8. e5
Ne8 9. Bh6 Bb7 10. h4 Bxh6 11. Qxh6 Ng7 12. Bd3 f5 13. Nh3 dxe5 14. Ng5 1-0